Audio Testbed / (Record no. 184015)

000 -LEADER
fixed length control field 00797 a2200193 4500
003 - CONTROL NUMBER IDENTIFIER
control field NUST
005 - DATE AND TIME OF LATEST TRANSACTION
control field 20251121183545.0
040 ## - CATALOGING SOURCE
Transcribing agency Nust
082 ## - DEWEY DECIMAL CLASSIFICATION NUMBER
Classification number 621.382,MAL
100 ## - MAIN ENTRY--PERSONAL NAME
Personal name Malik , SGT Saad Saleem (TCC-17)
9 (RLIN) 132000
245 ## - TITLE STATEMENT
Title Audio Testbed /
Statement of responsibility, etc. SGT Saad Saleem Malik, GC Mamoon-Ur-Rashid, NC Nasir Haider and Capt Asif Nawaz.
260 ## - PUBLICATION, DISTRIBUTION, ETC.
Date of publication, distribution, etc. 2009
Name of publisher, distributor, etc. MCS (NUST)
Place of publication, distribution, etc. Rawalpindi
300 ## - PHYSICAL DESCRIPTION
Extent 89 p.;
505 ## - FORMATTED CONTENTS NOTE
Formatted contents note Introduction (Page-1), Frequency Equalizer (Page-4), Compression (Linear Predictive Coding) (Page-8), Encryption (Page-29), Reed Solomon (Page-44), Modulation (Page-81), Results (Page-83), Future Work (Page-87), References (Page-88).
650 ## - SUBJECT ADDED ENTRY--TOPICAL TERM
Topical term or geographic name entry element UG Projects
9 (RLIN) 98716
651 ## - SUBJECT ADDED ENTRY--GEOGRAPHIC NAME
Geographic name TCC-17B
9 (RLIN) 131348
700 ## - ADDED ENTRY--PERSONAL NAME
Personal name asst Prof Syed Javaid Hussain Bangash
9 (RLIN) 132001
942 ## - ADDED ENTRY ELEMENTS (KOHA)
Koha item type Project Report
Source of classification or shelving scheme
Holdings
Withdrawn status Lost status Source of classification or shelving scheme Damaged status Not for loan Permanent Location Current Location Shelving location Date acquired Full call number Barcode Date last seen Price effective from Koha item type Public note
          Military College of Signals (MCS) Military College of Signals (MCS) Reference 12/12/2016 621.382,MAL MCSPTC-115 12/08/2016 12/12/2016 Project Report Almirah No. 94, Shelf No. 3
© 2023 Central Library, National University of Sciences and Technology. All Rights Reserved.